| 000 | 01166nam a22002657a 4500 | ||
|---|---|---|---|
| 003 | OSt | ||
| 005 | 20251020174136.0 | ||
| 008 | 240202b ||||| |||| 00| 0 eng d | ||
| 040 | _c0 | ||
| 082 | _aDPer 621.317 Ie21 January 2022 v. 37 n. 1 | ||
| 100 |
_aAli, Mosaad M. _eauthor. _951277 |
||
| 245 |
_aOne new super-twisting sliding mode direct thrust control for linear induction machine based on linear metro / _cMosaad M. Ali, Wei Xu, Abdul Khalique Junejo, Mahmoud F. Elmorshedy, and Yirong Tang. |
||
| 260 |
_aNew York ; _bThe Institute of Electrical and Electronics Engineers, Inc. , _cJanuary 2022. |
||
| 300 |
_aVolume 37, pages 795-805 : _billustration ; _c28 cm. |
||
| 500 | _aIEEE Transactions on Power Electronics, v. 37 n 1, pages 795-805, January 2022. | ||
| 650 | 0 |
_aDirect thrust control (DTC). _965886 |
|
| 650 | 0 |
_aElectromagnetics. _965887 |
|
| 650 | 0 |
_aVoltage control. _965727 |
|
| 700 |
_aAli, Mosaad M. _eauthor. _951277 |
||
| 700 |
_aXu, Wei. _eauthor. _951278 |
||
| 700 |
_aJunejo, Abdul Khalique. _eauthor. _951279 |
||
| 700 |
_aElmorshedy, Mahmoud F. _eauthor. _951280 |
||
| 700 |
_aTang, Yirong. _eauthor. _951281 |
||
| 942 |
_2ddc _cPER |
||
| 999 |
_c18893 _d18893 |
||